00398pab a2200145 454500008004000000100001900040245007600059260000900135300001400144362000800158650002200166700002000188700001900208773002500227180718b2005 xxu||||| |||| 00| 0 eng d aWeir, Margaret aThe calculus of coalitions: cities suburbs, and the metropolitan agenda c2005 ap.730-60. aJul aUrban development aSwanstrom, Todd aWolman, Harold aUrban Affairs Review